Statistics for 2000s U.S. Television by Picture

Click here to take the quiz!

General Stats

  • This quiz has been taken 20,227 times
  • The average score is 10 of 16

Answer Stats

Answer% Correct
Family Guy
94%
South Park
91%
The Office
91%
Grey's Anatomy
79%
How I Met Your Mother
79%
House
63%
Malcolm in the Middle
63%
Sex and the City
59%
The Sopranos
59%
CSI: Miami
51%
American Idol
47%
Desperate Housewives
44%
30 Rock
40%
Arrested Development
36%
Lost
34%
The Daily Show
30%

Score Distribution

Percentile by Number Answered

Percent of People with Each Score

Your Score History

You have not taken this quiz